Project management : (Record no. 342241)

000 -LEADER
fixed length control field 01258cam a22002894a 4500
001 - CONTROL NUMBER
control field 11949525
003 - CONTROL NUMBER IDENTIFIER
control field NUST
005 - DATE AND TIME OF LATEST TRANSACTION
control field 20171214105657.0
008 - FIXED-LENGTH DATA ELEMENTS--GENERAL INFORMATION
fixed length control field 000322s2001 nyuab b 001 0 eng
010 ## - LIBRARY OF CONGRESS CONTROL NUMBER
LC control number 00036802
020 ## - INTERNATIONAL STANDARD BOOK NUMBER
International Standard Book Number 0471393428 (cloth : alk. paper)
040 ## - CATALOGING SOURCE
Original cataloging agency DLC
Transcribing agency DLC
Modifying agency DLC
042 ## - AUTHENTICATION CODE
Authentication code pcc
050 00 - LIBRARY OF CONGRESS CALL NUMBER
Classification number HD69.P75
Item number K47 2001
082 00 - DEWEY DECIMAL CLASSIFICATION NUMBER
Classification number 658.404 KER
Edition number 21
100 1# - MAIN ENTRY--PERSONAL NAME
Personal name Kerzner, Harold.
9 (RLIN) 7267
245 10 - TITLE STATEMENT
Title Project management :
Remainder of title a systems approach to planning, scheduling, and controlling /
Statement of responsibility, etc. by Harold Kerzner.
250 ## - EDITION STATEMENT
Edition statement 7th ed.
260 ## - PUBLICATION, DISTRIBUTION, ETC.
Place of publication, distribution, etc. Islamabad :
Name of publisher, distributor, etc. AIOU,
Date of publication, distribution, etc. c2000.
300 ## - PHYSICAL DESCRIPTION
Extent xx, 1203 p. :
Other physical details ill. (some col.), maps ;
Dimensions 24 cm.
500 ## - GENERAL NOTE
General note P.B
504 ## - BIBLIOGRAPHY, ETC. NOTE
Bibliography, etc. note Includes bibliographical references and indexes.
650 #0 - SUBJECT ADDED ENTRY--TOPICAL TERM
Topical term or geographic name entry element Project management.
9 (RLIN) 2481
856 4# - ELECTRONIC LOCATION AND ACCESS
Materials specified Table of contents
Uniform Resource Identifier <a href="http://www.loc.gov/catdir/toc/onix06/00036802.html">http://www.loc.gov/catdir/toc/onix06/00036802.html</a>
856 42 - ELECTRONIC LOCATION AND ACCESS
Materials specified Contributor biographical information
Uniform Resource Identifier <a href="http://www.loc.gov/catdir/enhancements/fy0706/00036802-b.html">http://www.loc.gov/catdir/enhancements/fy0706/00036802-b.html</a>
856 42 - ELECTRONIC LOCATION AND ACCESS
Materials specified Publisher description
Uniform Resource Identifier <a href="http://www.loc.gov/catdir/enhancements/fy0706/00036802-d.html">http://www.loc.gov/catdir/enhancements/fy0706/00036802-d.html</a>
906 ## - LOCAL DATA ELEMENT F, LDF (RLIN)
a 7
b cbc
c orignew
d 1
e ocip
f 20
g y-gencatlg
942 ## - ADDED ENTRY ELEMENTS (KOHA)
Source of classification or shelving scheme
Koha item type Book
Call number prefix IESE
Holdings
Withdrawn status Lost status Source of classification or shelving scheme Damaged status Not for loan Collection code Permanent Location Current Location Shelving location Date acquired Total Checkouts Full call number Barcode Date last seen Price effective from Koha item type
            Institute of Environmental Science and Engineering (IESE) Institute of Environmental Science and Engineering (IESE) General Stacks 12/14/2017   658.404 KER IESE-851 12/14/2017 12/14/2017 Book
© 2023 Central Library, National University of Sciences and Technology. All Rights Reserved.